| 000 | 00733nam a2200241 i 4500 | ||
|---|---|---|---|
| 001 | 91882 | ||
| 003 | ES-MaACL | ||
| 005 | 20240516063036.0 | ||
| 007 | t| | ||
| 008 | 050225s2003 sp ||||1| spa d | ||
| 020 | _a84-96136-42-6 | ||
| 080 | _a821.111-32"19" | ||
| 100 | 0 |
_aWells, H. G., _d1866-1946 _9116458 |
|
| 245 | 1 | 3 |
_aLa puerta en el muro / _cH. G. Wells ; traducción de R. Vilagrassa. |
| 250 | _a1ª ed. en Acantilado. | ||
| 260 |
_aBarcelona : _bAcantilado, _c2003. |
||
| 300 |
_a54 p. ; _c18 cm. |
||
| 490 | 1 |
_aCuadernos del Acantilado ; _v7 |
|
| 700 | 1 |
_aVilagrassa, Roser. _9183736 |
|
| 830 | 0 |
_aCuadernos del Acantilado ; _v7 _9183737 |
|
| 852 |
_aES-MaACL _jL-28930 |
||
| 999 |
_c91882 _d91882 |
||